Interrogantes, Alternativas y Desafíos en clave de Derecho penal y Criminología (Registro nro. 165464)

Detalles MARC
000 -LEADER
fixed length control field 02598nam a22002537a 4500
007 - PHYSICAL DESCRIPTION FIXED FIELD--GENERAL INFORMATION
fixed length control field cr|||| ||||
008 - FIXED-LENGTH DATA ELEMENTS--GENERAL INFORMATION
fixed length control field 171122s2017 cu |||||s|||| 00||0 spa d
020 ## - INTERNATIONAL STANDARD BOOK NUMBER
International Standard Book Number 978-959-7219-44-6
035 ## -
-- 20851
040 ## - CATALOGING SOURCE
Original cataloging agency vLex
090 ## -
-- 7224
-- 7224
100 1# - MAIN ENTRY--PERSONAL NAME
Personal name Medina, Cuenca Arnel
245 10 - TITLE STATEMENT
Title Interrogantes, Alternativas y Desafíos en clave de Derecho penal y Criminología
Medium [Disponible solo en los productos indicados] /
Statement of responsibility, etc Arnel Medina Cuenca
256 ## -
-- Servicio en línea
260 ## - PUBLICATION, DISTRIBUTION, ETC. (IMPRINT)
Place of publication, distribution, etc Ciudad de La Habana:
Name of publisher, distributor, etc Unión Nacional de Juristas de Cuba,
Date of publication, distribution, etc 2017
300 ## - PHYSICAL DESCRIPTION
Extent 1 recurso electrónico
500 ## - GENERAL NOTE
General note La Editorial UNIJURIS de la Unión Nacional de Juristas de Cuba, les presenta el libro: “Interrogantes, Alternativas y Desafíos en clave de Derecho penal y Criminología. Libro Homenaje al Prof. Dr. Miguel Olmedo Cardenete”, publicado con el número 10 de la Serie Ciencias Penales y Criminológicas. Siguiendo una tradición iniciada en el año 2015, la Sociedad cubana de Ciencias Penales, presenta un Libro Homenaje al profesor que ha sido objeto de reconocimiento por su obra académica y la colaboración con los penalistas cubanos, en el año precedente. Se trata del cuarto libro, que será presentado en la semana del 10 al 14 de julio de 2017, en la decimotercera edición de la “Escuela de Verano de La Habana, sobre Temas Penales Contemporáneos”. La obra que ponemos a disposición de los lectores se integra a los propósitos de los que en el marco de la Escuela de Verano de La Habana sobre Temas penales contemporáneos, aspiramos a diseñar, desde la doctrina, una justicia que como el mundo siempre es posible que sea mejor, al compartir junto a ustedes puntos de vistas y perspectivas, valoraciones criminológicas y sociales que de manera significativa impactan en el Derecho penal y que requieren de un pensamiento inteligente y creador que logre junto a la necesaria estabilidad y seguridad ciudadana, continuar manteniendo el Derecho penal en límites razonables alejado de los dogmas y de los esnobismos.
506 1# - RESTRICTIONS ON ACCESS NOTE
Terms governing access Disponible solo en los productos indicados
Authorized users vLex Global
-- vLex Global (Academic Edition, excluding Law Schools)
-- vLex Global (U.S. Academic Edition, Law Schools)
-- vLex Global (U.S. Academic Edition, excluding Law Schools)
-- vLex Global (Academic Edition, Law Schools)
650 04 - SUBJECT ADDED ENTRY--TOPICAL TERM
Topical term or geographic name as entry element Derecho penal
Geographic subdivision Cuba
740 0# -
-- vLex Libros (Servicio en línea)
856 40 - LOCALIZACIÓN Y ACCESO ELECTRÓNICO
Identificador Uniforme del Recurso (URI/URL) https://app.vlex.com/#/sources/interrogantes-alternativas-y-desafios-en-clave-de-derecho-penal-y-criminologia-20851
942 ## -
-- RAA
999 ## -
-- 165464
-- 165464

No hay ítems disponibles.


CONTACTO


NOSOTROS


SITIOS DE INTERES

coordinacion.biblioteca.biblioteca@unienlinea.mx Misión, Visión y Objetivos Bases de datos
Directorio Bibliotecas Digitales y Repositorios
Normatividad Revistas y artículos
Convenios interbibliotecarios
Boletines



Hecho en México. Universidad Insurgentes (UIN). Todos los derechos reservados 2024. Esta página y sus contenidos pueden ser reproducidos con fines no lucrativos, siempre y cuando no se mutile, se cite la fuente completa y su dirección electrónicas. De otra forma requiere permiso previo por escrito de la institución




2024 Copyright Universidad Insurgentes | www.bibliouin.com.mx